000
00332nam a22001577a 4500
003
SGT
020
_a
01-239-0273-5
082
_a
615019,I14G
100
_a
GUPTA,A.K.
245
_a
INTRODUCTION TO PHARMACEUTICS-I
250
_a
3RD
260
_a
DELHI
_b
CBS
_c
2014
300
_a
313
650
_a
PHARMACETICS
942
_2
ddc
_c
BK
_0
12
999
_c
8142
_d
8142